000 01399nam a2200277 a 4500
001 71313
003 BD-RjUL
005 20211209082111.0
008 170502r19911985ii a|||| |||| 001 0 ben d
020 _c: TK. 140.00
035 _a(BD-RjUL)71529
040 _aBD-RjUL
_bben
_cBD-RjUL
_dBD-RjUL
041 _aben
082 _223
_a954.147
_bMUK 1991
100 _aমুখোপাধ্যায়, হরিসাধন
_9211033
245 _aকলিকাতা সেকালের ও একালের /
_cহরিসাধন মুখোপাধ্যায়; সম্পাদক, নিশীথরঞ্জন রায়; সহযোগী সম্পাদক, অরবিন্দ ভট্টাচার্য
250 _a৩য় সং. পরিমার্জিত ও পরিবর্ধিত
260 _aকলিকাতা :
_bপি.এম.বাক্‌চি,
_c১৯৮৫ [পুনর্মুদ্রণ ১৯৯১].
300 _a[সাত], ৬৮০ পৃ. :
_bচিত্র. ;
_c২৪ সেমি.
500 _aনির্ঘন্ট সংযুক্ত
651 _aভারত (কলকাতা )
_9123186
651 _aIndia (Kolkata)
_9123187
700 _aরায়, নিশীথরঞ্জন
_9211036
700 _aভট্টাচার্য, অরবিন্দ
_9211037
942 _2ddc
_cBK
999 _c71313
_d71313